Výkonnosť a produktivita slovenského poľnohospodárstva po vstupe do Európskej únie
Postavenie slovenského poľnohospodárstva v národnej ekonomike v poslednom období. Zhodnotenie plnenia strategickej orientácie výrobcov na rast konkurencieschopnosti. Výkonnosť a ekonomika poľnohospodárskych podnikov.
Salvato in:
| Autore principale: | |
|---|---|
| Altri autori: | |
| Natura: | Capitolo di libro |
| Lingua: | slovacco |
| Soggetti: | |
| Tags: |
Nessun Tag, puoi essere il primo ad aggiungerne!!
|
MARC
| LEADER | 00000naa a2200000 4500 | ||
|---|---|---|---|
| 001 | 0117885 | ||
| 005 | 20240502072322.4 | ||
| 041 | 0 | |a slo | |
| 044 | |a SK | ||
| 245 | 1 | 0 | |a Výkonnosť a produktivita slovenského poľnohospodárstva po vstupe do Európskej únie |c Miroslav Grznár, Ľuboslav Szabo |
| 520 | |a Postavenie slovenského poľnohospodárstva v národnej ekonomike v poslednom období. Zhodnotenie plnenia strategickej orientácie výrobcov na rast konkurencieschopnosti. Výkonnosť a ekonomika poľnohospodárskych podnikov. | ||
| 610 | 2 | 0 | |a podnik poľnohospodársky |
| 610 | 2 | 0 | |a produktivita |
| 610 | 2 | 0 | |a konkurencieschopnosť |
| 610 | 2 | 0 | |a Európska únia |
| 610 | 2 | 0 | |a Slovensko |
| 610 | 2 | 0 | |a výkony podnikové |
| 100 | 1 | |a Grznár, Miroslav | |
| 700 | 1 | |a Szabo, Ľuboslav | |